Japanese Versions of English Words - Statistics

General Stats
  • This quiz has been taken 508 times
  • The average score is 7 of 16
Answer Stats
Japanese Romaji Answer % Correct
アイスクリーム aisu kurimu ice cream
92%
ドラマ durama drama
85%
アニメ anime animation
76%
ホットケーキ hottokēki pancake
67%
エレベーター erebētā elevator
62%
ティーンエージャー tīnējā teenager
57%
タバコ tabako tobacco
49%
アルコール arukōru alcohol
47%
ストライキ sutoraiki (labor) strike
47%
コインランドリー koin randorī coin laundry
31%
スケボー sukebō skateboard
27%
アメフト amefuto American football
17%
ヨット yotto yacht
16%
キッチンペーパー kicchinpēpā paper towel
15%
ヴァイキング baikingu buffet (from "Viking")
6%
サイドブレーキ saidoburēki hand brake
6%
No matching quizzes found
Score Distribution
Percent of People with Each Score
Percentile by Number Answered
Your Score History
You have not taken this quiz